Quizzes
Events
Quiz Creation
Community
Videos
Private Events
Remove Ads
Sign In
Join for FREE
Feedback
Dark Mode
Quiz Categories
Sports
Geography
Music
Movies
Television
Just For Fun
Miscellaneous
History
Literature
Language
Science
Gaming
Entertainment
Religion
Holiday
For Kids
Quiz Lab
Recent
Popular Today
Quiz Kudos Today
Editor Picks
Curator Picks
Quizzes by...
Day
Popularity
Type
Ratings
Length
Year
Community
Subscriptions
Recent Discussions
Orange Saloon
Badges
Playlists
Quests
Create
Leaderboards
Showdown
Live 5
Trivia Bingo
Activity
Puzzle Library
Sporcle Events
Private Events
Virtual Trivia
Globe League
Become a Host
Pub Owners
SporcleCon
Opinionation
Our Games
Videos
Blog
Mobile Apps
Partnerships
Remove Ads and Go Orange
Feedback
Gaming
Video Games
Board Games
Card Games
Pokémon
Mario
Nintendo
Minecraft
Console
Toys
Legend of Zelda
Gaming
Video Games
Board Games
Card Games
Pokémon
Mario
Nintendo
Minecraft
Console
Toys
Legend of Zelda
Random Quiz
Search Sporcle
×
Quiz Lab
Quiz Lab
Gaming
Pokémon
Type in answers that appear in a list
Type in answers that appear in a list
Classic
Best Score? Go Orange.
Pokemon Generation One Stats
Can you name the Pokemon from Generation One?
By
pandufier
15m
151 Questions
149 Plays
149 Plays
149 Plays
Comments
Comments
Give Quiz Kudos
Give Quiz Kudos
-
- Ratings
hide this ad
Replay
Link that replays current quiz
Next Quiz
Link to next quiz in quiz playlist
You Got
0%
They Got
Avg Score
72%
Avg Friend Score
Upgrade to see
Score Distribution
Jump to the score distribution portion of the page
Score
0/151
Timer
15:00
0
Plays Today
type
pokemon
% Correct
grass
bulbasaur
98.7%
fire
charmander
96%
water
squirtle
94.6%
grass
ivysaur
94%
fire
charizard
94%
fire
charmeleon
93.3%
water
blastoise
93.3%
bug
metapod
93.3%
bug
butterfree
93.3%
electric
pikachu
93.3%
bug
caterpie
92.6%
bug
weedle
92.6%
electric
raichu
92.6%
water
wartortle
91.9%
flying
pidgey
91.9%
bug
kakuna
91.3%
bug
beedrill
91.3%
flying
pidgeot
91.3%
flying
pidgeotto
89.9%
grass
venusaur
89.3%
psychic
abra
87.2%
psychic
kadabra
87.2%
flying
spearow
86.6%
flying
fearow
86.6%
psychic
mewtwo
86.6%
psychic
mew
86.6%
rock
geodude
85.9%
psychic
alakazam
85.9%
fighting
hitmonlee
84.6%
poison
arbok
83.9%
normal
rattata
83.2%
normal
raticate
83.2%
rock
graveler
83.2%
ghost
gastly
83.2%
poison
ekans
82.6%
fighting
hitmonchan
82.6%
ghost
haunter
81.9%
dragon
dragonite
81.9%
ghost
gengar
81.2%
ice
articuno
81.2%
fire
moltres
81.2%
dragon
dratini
81.2%
dragon
dragonair
81.2%
electric
zapdos
80.5%
water
magikarp
79.9%
fighting
machop
79.2%
fighting
machoke
79.2%
fighting
machamp
79.2%
rock
golem
78.5%
fire
arcanine
77.9%
fire
growlithe
77.2%
type
pokemon
% Correct
poison
nidoking
76.5%
grass
oddish
76.5%
rock
onix
75.8%
poison
nidoran
75.2%
poison
nidoqueen
75.2%
poison
nidoran
75.2%
fire
vulpix
75.2%
ground
diglett
75.2%
ground
dugtrio
75.2%
fighting
mankey
75.2%
fire
ninetales
74.5%
grass
gloom
74.5%
water
staryu
74.5%
fire
magmar
74.5%
normal
eevee
74.5%
poison
nidorina
73.8%
poison
nidorino
73.8%
water
starmie
73.8%
water
lapras
73.8%
water
poliwag
73.2%
ice
jynx
73.2%
fire
ponyta
72.5%
fire
rapidash
72.5%
water
poliwhirl
72.5%
grass
vileplume
72.5%
water
poliwrath
71.8%
water
psyduck
71.8%
poison
koffing
71.8%
electric
jolteon
71.8%
fire
flareon
71.8%
electric
electrode
71.1%
water
goldeen
71.1%
water
vaporeon
71.1%
bug
venomoth
70.5%
water
golduck
70.5%
grass
bellsprout
70.5%
electric
voltorb
70.5%
poison
weezing
70.5%
bug
scyther
70.5%
normal
meowth
69.8%
psychic
mr. mime
69.8%
electric
electabuzz
69.8%
ground
sandshrew
69.1%
normal
jigglypuff
69.1%
poison
zubat
69.1%
bug
venonat
69.1%
fighting
primape
69.1%
water
seaking
69.1%
ground
sandslash
68.5%
normal
snorlax
68.5%
normal
persian
67.8%
type
pokemon
% Correct
normal
clefairy
67.1%
normal
wigglytuff
67.1%
electric
magnemite
66.4%
poison
golbat
65.8%
grass
weepinbell
65.8%
rock
kabuto
65.8%
normal
clefable
65.1%
rock
kabutops
65.1%
electric
magneton
64.4%
psychic
drowzee
63.8%
water
gyrados
63.8%
bug
paras
62.4%
grass
victreebell
62.4%
psychic
hypno
62.4%
poison
muk
61.7%
bug
parasect
61.1%
flying
doduo
61.1%
water
seel
61.1%
flying
aerodactyl
61.1%
water
dewgong
60.4%
bug
pinsir
60.4%
water
tentacool
59.7%
water
tentacruel
59.1%
poison
grimer
58.4%
ground
rhyhorn
58.4%
ground
rhydon
58.4%
water
omanyte
58.4%
water
slowpoke
57%
water
cloyster
57%
water
omastar
57%
flying
dodrio
56.4%
water
horsea
56.4%
normal
tauros
56.4%
normal
kangaskhan
55.7%
water
seadra
55.7%
water
slowbro
55%
water
shellder
55%
normal
chansey
54.4%
normal
ditto
54.4%
flying
farfetchd
52.3%
ground
cubone
52.3%
grass
tangela
52.3%
water
krabby
51%
ground
marowak
50.3%
grass
exeggcute
49%
water\
kingler
48.3%
grass
exeggutor
48.3%
normal
porygon
47%
normalpoison
lickitung
43.6%
Quiz Playlist
Details
Report
Send in Message
Add To Playlist
Classic:
Type in answers that appear in a list
Last Updated: Feb 16, 2017
Quiz Scoreboard
CHALLENGE
Sign Up to Join the Scoreboard
Show All
Scores
Hide
Comments
May contain spoilers
Recently Published
College Basketball Coaching Resumes
by pancakes188
Sports
9m
Billboard Blitz: Fleetwood Mac
by CooCooCachoo
Music
15s
Presidents Visiting Landmarks
by Hejman
History
7m
More to Explore
Quiz From the Vault
Featured Blog Post
Where Did the Easter Bunny Come From?
hide this ad
You Might Also Like...
Tags
Pokémon Quiz
Evolution
Generation
Today's Top Quizzes in Gaming
Browse Gaming
hide this ad
Today's Top Quizzes in Pokémon
Browse Pokémon
Top Contributed Quizzes in Gaming
1
5-to-1: Consoles
2
7-to-1: Board Game Piece Blitz
3
5-to-1: Legend of Zelda
4
Destiny 2 exotic weapons by perk icons
5
League of Legends Pro Players by Career/Team History
6
Ultimate Genshin Impact Logic Puzzle (up to 4.3)
7
Franchise by Action Figure
8
Who's on the WWE 2K24 Cover?
9
Genshin Impact Logic Puzzle Quiz
10
Overwatch Logic Puzzle
Explore More
Trending Topics
Kpop
NBA
Disney
Crossword
Anime
Marvel
Harry Potter
NFL
The Office
Soccer
Pokémon
Country
WWE
Puzzle
Song
hide this ad
More By:
pandufier
Quiz
Plays
Rating
Category
Featured
Created
Disney Dreamworks Feud
311
1.50
Movies
Jan 24, 2012
Pokemon Generation One
149
Gaming
Apr 4, 2012
Pokemon From Generation Two
74
1.00
Gaming
Apr 10, 2012
Go to Creator's Profile
Score Distribution
Quiz Creator Spotlight
pandufier
Follow
Send a Message
Quizzes Created
-
Created Quiz Play Count
-
More By This Creator
Popular Quizzes Today
1
Find the US States - No Outlines Minefield
2
Find the Countries of Europe - No Outlines Minefield
3
The Countries of the World
4
Find the US States
5
Risky Map Clicking: Biggest States A-Z
6
US States
7
Popular People in 1961
8
Movies - When Are They Set?
More Gaming Quizzes
Gen 1 Pokéclick
Quiz Lab
Trending Quizzes
Risky Map Clicking: Least Populous States A-Z
1-10 Letter G Words
1-10 Letter F Words
Risky Map Clicking: Next State Alphabetically
Risky Map Clicking: Biggest States A-Z
Recently Updated
Leaping Animals
pecheneg
Reality TV Shows (A-Z)
bhenderson79
Rickey Henderson's Hall of Fame Teammates
pecheneg
Champions League XIs: Arsenal
pecheneg
Quick Pick: Celebrities in WWE's Hall of Fame
aduchscher
A-Z Keypad Blitz II
pecheneg
Multiple Oscar Actors
pecheneg
Mystery Phrase Blitz: Oscar 'Best Actors'
pecheneg
F. Scott Fitzgerald Novels
LTH
Pick 3 Villains
ddd62291
Trending Topics
Anime
Marvel
Harry Potter
Crossword
Disney
NBA
Kpop
Country
The Office
Pokémon
Song
Puzzle
NFL
Soccer
WWE
Your Account Isn't Verified!
In order to create a playlist on Sporcle, you need to verify the email address you used during registration. Go to your
Sporcle Settings
to finish the process.
Report this User
Report this user for behavior that violates our
Community Guidelines
.
Details:
Send Report
Go to the Sporcle.com Mobile Site →
Comments